Gaming Quiz

Random Gaming or Pokémon Quiz
Score 0/5 Timer 01:00
6 Plays Today
% Correct
Lapras
90.4%
Articuno
83.2%
Jynx
78.2%
Dewgong
77.2%
Cloyster
66.5%
Remove Ads.
Support Sporcle.
Get the best of Sporcle when you Go Orange. This ad-free experience offers more features, more stats, and more fun while also helping to support Sporcle. Thank you for becoming a member.

You're not logged in!

Compare scores with friends on all Sporcle quizzes.
OR
Log In

Show Comments

Extras

Top Quizzes Today


Score Distribution

Your Account Isn't Verified!

In order to create a playlist on Sporcle, you need to verify the email address you used during registration. Go to your Sporcle Settings to finish the process.

Report this User

Report this user for behavior that violates our Community Guidelines.

Details: